South Carolina cities with a Population under 1,000 - Statistics

General Stats
  • This quiz has been taken 2 times
  • The average score is 59 of 157
Answer Stats
Population City % Correct
974 Aynor
100%
788 Bowman
100%
376 Cameron
100%
701 Cottageville
100%
614 Eastover
100%
962 Fort Lawn
100%
418 Hilda
100%
696 North
100%
289 Norway
100%
631 Pelion
100%
423 Summit
100%
722 Swansea
100%
962 West Pelzer
100%
374 West Union
100%
865 Arcadia Lakes
50%
195 Atlantic Beach
50%
431 Bonneau
50%
479 Briarcliffe Acres
50%
431 Brunson
50%
745 Bucksport
50%
675 Campobello
50%
321 Carlisle
50%
209 Central Pacolet
50%
829 Chesnee
50%
289 Clarks Hill
50%
544 Clifton
50%
608 Clio
50%
212 Cokesbury
50%
534 Converse
50%
748 Coward
50%
404 Cross Hill
50%
328 Donalds
50%
457 Ehrhardt
50%
570 Elloree
50%
235 Eutawville
50%
704 Fair Play
50%
224 Furman
50%
866 Gayle Mill
50%
257 Gifford
50%
571 Gilbert
50%
244 Glendale
50%
763 Gray Court
50%
384 Greeleyville
50%
666 Harleyville
50%
742 Heath Springs
50%
504 Hemingway
50%
449 Hickory Grove
50%
412 Jacksonboro
50%
772 Jefferson
50%
40 Jenkinsville
50%
852 Jonesville
50%
764 Lake View
50%
862 Lamar
50%
472 Lane
50%
249 Little Mountain
50%
384 Lockhart
50%
572 Lydia
50%
318 Lynchburg
50%
548 Mayesville
50%
758 McBee
50%
605 McClellanville
50%
280 McConnells
50%
312 Modoc
50%
205 Monetta
50%
156 Mount Carmel
50%
540 Mulberry
50%
320 Neeses
50%
234 Nichols
50%
741 Norris
50%
550 Olanta
50%
215 Olar
50%
266 Patrick
50%
51 Peak
50%
194 Perry
50%
503 Pinewood
50%
982 Pinopolis
50%
378 Promised Land
50%
915 Quinby
50%
201 Reevesville
50%
246 Rembert
50%
280 Richburg
50%
579 Ridge Spring
50%
266 Ridgeway
50%
253 Rowesville
50%
307 Ruby
50%
380 Russellville
50%
329 Salley
50%
797 Santee
50%
158 Scotia
50%
648 Scranton
50%
147 Sellers
50%
462 Sharon
50%
168 Shiloh
50%
164 Silverstreet
50%
759 Six Mile
50%
250 Snelling
50%
438 Society Hill
50%
455 Springfield
50%
745 Startex
50%
200 Stuckey
50%
814 Summerton
50%
760 Turbeville
50%
631 Wagener
50%
273 Ware Place
50%
402 Alcolu
0%
147 Antreville
0%
315 Bethune
0%
115 Blenheim
0%
88 Boykin
0%
160 Bradley
0%
37 Cope
0%
136 Cordova
0%
156 Coronaca
0%
116 Cross Anchor
0%
140 Elko
0%
687 Enoree
0%
174 Fingerville
0%
56 Govan
0%
81 Gramling
0%
162 Hodges
0%
58 Islandton
0%
68 Jamestown
0%
148 Kline
0%
132 Livingston
0%
82 Lodge
0%
120 Lowndesville
0%
184 Lowrys
0%
98 Luray
0%
135 Mount Croghan
0%
100 Mountville
0%
199 Newry
0%
86 Oswego
0%
120 Parksville
0%
130 Pawleys Island
0%
232 Paxville
0%
72 Plum Branch
0%
127 Pomaria
0%
49 Princeton
0%
141 Rockville
0%
120 Salem
0%
98 Smoaks
0%
55 Smyrna
0%
165 Starr
0%
147 Sycamore
0%
76 Tatum
0%
200 Trenton
0%
83 Troy
0%
65 Ulmer
0%
128 Vance
0%
848 Van Wyck
0%
843 Wallace
0%
119 Ward
0%
149 Waterloo
0%
98 Williams
0%
81 Willington
0%
115 Windsor
0%
161 Woodford
0%
No matching quizzes found
Score Distribution
Percent of People with Each Score
Percentile by Number Answered
Your Score History
You have not taken this quiz